| 000 | 00797nam2a22002291 4500 | ||
|---|---|---|---|
| 001 | v19\rc\2053120 | ||
| 005 | 20250620031510.0 | ||
| 035 | _a(NLR Aleph) 005146468 | ||
| 090 |
_a4857372 _c4857372 |
||
| 100 | _a20081111d1909 |||y0rusy50 ca | ||
| 101 | 1 |
_arus _cfre |
|
| 102 | _aRU | ||
| 105 | _ay z |||e| | ||
| 200 | 1 | _aПисьма с моей мельницы | |
| 210 |
_d[1909] _aБ. м. |
||
| 461 | 0 |
_1001v19\rc\2052961 _12001#$aУниверсальная библиотека$e№ 1$v№ 193-194 _94855799 _cМосква _d1907-1918 _n"Польза" В. Антик и К ° _o№ 1 _tУниверсальная библиотека _v№ 193-194 |
|
| 700 | 1 |
_aДодэ _bА. |
|
| 801 | 0 |
_aRU _bNLR _gpsbo |
|
| 801 | 1 |
_aRU _bProSoft-M _2rusmarc |
|
| 852 |
_aNLR _j37.35.11.1 |
||
| 942 | _cBOOK | ||
| 980 | _aNB | ||